Preparing a business plan : (Record no. 4295)

000 -LEADER
fixed length control field nam a22 a 4500
003 - CONTROL NUMBER IDENTIFIER
control field AKMAL
005 - DATE AND TIME OF LATEST TRANSACTION
control field 20170526154937.0
008 - FIXED-LENGTH DATA ELEMENTS--GENERAL INFORMATION
fixed length control field 170526t1997 cc g 001 0 eng d
020 ## - INTERNATIONAL STANDARD BOOK NUMBER
International Standard Book Number 0717297357 (hbk.)
040 ## - CATALOGING SOURCE
Original cataloging agency AKMAL
082 04 - DEWEY DECIMAL CLASSIFICATION NUMBER
Classification number 658.4012 REC
Edition number 22
090 00 - LOCALLY ASSIGNED LC-TYPE CALL NUMBER (OCLC); LOCAL CALL NUMBER (RLIN)
Classification number (OCLC) (R) ; Classification number, CALL (RLIN) (NR) 658.4012
Local cutter number (OCLC) ; Book number/undivided call number, CALL (RLIN) REC
100 1# - MAIN ENTRY--PERSONAL NAME
Personal name Record, Matthew
9 (RLIN) 8369
245 10 - TITLE STATEMENT
Title Preparing a business plan :
Remainder of title how to lay the right foundations for business success /
Statement of responsibility, etc. Matthew Record
260 ## - PUBLICATION, DISTRIBUTION, ETC.
Place of publication, distribution, etc. Hong Kong :
Name of publisher, distributor, etc. Grolier Intl.Inc.,
Date of publication, distribution, etc. c1997
300 ## - PHYSICAL DESCRIPTION
Extent 158p. ;
Dimensions 24cm.
490 1# - SERIES STATEMENT
Series statement Grolier business library
504 ## - BIBLIOGRAPHY, ETC. NOTE
Bibliography, etc. note Includes bibliographical references and index
650 10 - SUBJECT ADDED ENTRY--TOPICAL TERM
Topical term or geographic name entry element Business planning
9 (RLIN) 6297
650 20 - SUBJECT ADDED ENTRY--TOPICAL TERM
Topical term or geographic name entry element Strategic planning
9 (RLIN) 6200
830 #0 - SERIES ADDED ENTRY--UNIFORM TITLE
Uniform title Grolier business library
9 (RLIN) 8353
942 ## - ADDED ENTRY ELEMENTS (KOHA)
Source of classification or shelving scheme
Koha item type Book
950 ## - LOCAL HOLDINGS (RLIN)
Permanent shelving location, LOC (RLIN) AKMAL
Holdings
Withdrawn status Lost status Source of classification or shelving scheme Damaged status Not for loan Collection code Home library Current library Shelving location Date acquired Inventory number Total Checkouts Full call number Barcode Date last seen Price effective from Koha item type
          NON-FICTION AKMAL Melaka AKMAL Melaka PINJAMAN 26.05.2017 602292   658.4012 REC 201706046 26.05.2017 26.05.2017 Book
Pusat Sumber Maklumat Dato' Haji Sarmin Md Hussin, Akademi Kastam Diraja Malaysia, Melaka
Tel: 06-2331106 | Faks: 06-2313787